Girls with guitars (Record no. 318)

MARC details
000 -LEADER
fixed length control field 01450njm a2200217 a 4500
001 - CONTROL NUMBER
control field ASINB004GWS8MK
005 - DATE AND TIME OF LATEST TRANSACTION
control field 20200421093826.0
008 - FIXED-LENGTH DATA ELEMENTS--GENERAL INFORMATION
fixed length control field 130724s2011 xxu eng d
020 ## - INTERNATIONAL STANDARD BOOK NUMBER
Terms of availability £13.99
024 1# - OTHER STANDARD IDENTIFIER
Standard number or code 710347116622
100 1# - MAIN ENTRY--PERSONAL NAME
Personal name Fish, Samantha.
9 (RLIN) 1495
245 10 - TITLE STATEMENT
Title Girls with guitars
Medium [sound recording] /
Statement of responsibility, etc. Samantha Fish, Cassie Taylor, Dani Wilde.
260 ## - PUBLICATION, DISTRIBUTION, ETC.
Place of publication, distribution, etc. [S.l.] :
Name of publisher, distributor, etc. RUF,
Date of publication, distribution, etc. 2011.
300 ## - PHYSICAL DESCRIPTION
Extent 1 sound disc :
Other physical details digital ;
Dimensions 4 3/4 in.
505 0# - FORMATTED CONTENTS NOTE
Title Bitch --
-- Satisfy my soul --
-- Mr. loving man --
-- We ain't gonna get out alive --
-- Reason to stay --
-- Get back --
-- Come on home --
-- Leaving chicago --
-- Wait a minute --
-- Move on --
-- Are you ready --
-- Jet airliner.
520 ## - SUMMARY, ETC.
Summary, etc. 1-Bitch 2-Satisfy My Soul 3-Mr. Loving Man 4-We Ain't Gonna Get Out Alive 5-Reason To Stay 6-Get Back 7-Come On Home 8-Leaving Chicago 9-Wait A Minute 10-Move On 11-Are You Ready 12-Jet Airliner Otis Taylor's daughter, Samantha Fish from Tennessee, and Dani Wilde from the UK: the blues' most adorable girl group. Cute vocals and rocking guitars - what an extreme. Maybe this set is of interest to boys from their peer group. Just too sweet for me. DANI WILDE -gtr/voc, SAMANTHA FISH - gtr, CASSIE TAYLOR - bass/voc, JAMIE LITTLE - drums. Special guest: MIKE ZITO - gtr.
700 1# - ADDED ENTRY--PERSONAL NAME
Personal name Taylor, Cassie.
9 (RLIN) 1502
700 1# - ADDED ENTRY--PERSONAL NAME
Personal name Wilde, Dani.
9 (RLIN) 1555
856 40 - ELECTRONIC LOCATION AND ACCESS
Materials specified Amazon.com
Uniform Resource Identifier <a href="http://www.amazon.co.uk/exec/obidos/ASIN/B004GWS8MK/chopaconline-20">http://www.amazon.co.uk/exec/obidos/ASIN/B004GWS8MK/chopaconline-20</a>
942 ## - ADDED ENTRY ELEMENTS (KOHA)
Source of classification or shelving scheme Dewey Decimal Classification
Koha item type Music
Holdings
Withdrawn status Lost status Damaged status Not for loan Collection Home library Current library Shelving location Date acquired Barcode Date last seen Price effective from Koha item type
        Reference Fairview Fairview Audio visual 09/04/2014 39999000013979 09/04/2014 09/04/2014 Music